000 00435nam a22001577a 4500
008 230322b |||||||| |||| 00| 0 eng d
040 _aNational Science Library
_cNational Science Library
080 _a658
_bN1
245 _aTrends in management
260 _aNew Delhi:
_bAnmol Publications,
_c1991
300 _av, 310p.
650 _aManagement
653 _aMonetary
700 _aSaraf, Vinay Kumar (Ed.)
942 _2udc
_cREF
999 _c12487
_d12487